000 00911nam a2200229Ia 4500
001 17213
003 GE_BSU
008 181216s||||||||xx |||||||||||||| ||und||
040 _cGE_BSU
080 _a821.161.1-31
100 _aტოლსტოი, ა.კ.
245 _aთავადი სერებრიანი
245 _bივანი მრისხანის დროის ამბავი. რომანი
245 _cთარგმნა შ. სულაბერიძემ. რედ. ლ.იმერლიშვილი
260 _aთბილისი
260 _bსაბჭ. საქართველო
260 _c1976
300 _a375გვ. ; 20სმ
653 _aთავადი სერებრიანი
653 _aივანი მრისხანის დროის ამბავი. რომანი
942 _cBK
999 _c50274
_d50274